000 01264nam2a22002531 4500
001 rc\1097088
005 20250622192750.0
035 _a(NLR Aleph) 006380861
090 _a5079286
_c5079286
100 _a20041126d1984 |||y0rusy50 ca
101 0 _arus
102 _aRU
105 _aa |||||||||
200 1 _aТепломассообмен при наличии химических реакций
_f[Редкол.: А.Г. Мержанов и др.]
210 _d1984
_aБ. м.
215 _a179 с.
_cил.
320 _aБиблиогр. в конце докл.
461 0 _1001rc\1097084
_12001#$aТепломассообмен-VII$eМатериалы VII Всесоюз. конф. по тепломассообмену (Минск, май 1984)$f[Редкол.: А.И. Леонтьев и др.]$vТ. 3
_95079257
_cМинск
_d1984-
_f[Редкол.: А.И. Леонтьев и др.]
_nИТМО
_oМатериалы VII Всесоюз. конф. по тепломассообмену (Минск, май 1984)
_tТепломассообмен-VII
_vТ. 3
702 1 _aМержанов
_bА.Г.
_gАлександр Григорьевич
_4340
801 0 _aRU
_bNLR
_gpsbo
801 1 _aRU
_bELAR
_2rusmarc
852 _aNLR
_j84-3/9065
942 _cBOOK
980 _aNB